000 01032nam a2200229Ia 4500
001 282.8-BER si pr (13244)
003 IT-MiSPE
008 171229s9999||||xx |||||||||||||| ||und||
040 _aIT-MiSPE
_cIT-MiSPE
041 _aITALIANO
100 _aBernardino da Siena
_gsanto
245 0 _aPrediche volgari: Sul campo di Siena 1427
_bI. Prediche I-XXV
250 _a1a ed. (v)
260 _aMilano
_bRusconi
_c1989
300 _a742 p. [2 v.]
_c21 cm
490 _a Classici italiani
_v
501 _aEdizioni San Paolo srl - Piazza Soncino, 5 - 20092 CINISELLO BALSAMO (MI) (non commercial uses only) ® Copyright 2018
700 _aCarlo Delcorno
942 _cBK
957 _71
999 _a16040
_bNO
_g Copie: 1
_c349511
_d349511